| 000 | 00829nam a2200181Ia 4500 | ||
|---|---|---|---|
| 008 | 151202s9999||||xx |||||||||||||| ||und|| | ||
| 082 | _bPNVM-38182 | ||
| 100 | _aपगडी सेतुमाधवराव. | ||
| 245 | _aमोगल दरबारची बातमीपत्रे (1705 पर्यंत). | ||
| 260 | _b"महाराष्ट्र राज्य सा. स. मंडळ ,मुंबई." | ||
| 260 | _c1989 | ||
| 300 | _a472 | ||
| 600 | _aपगडी सेतुमाधवराव. | ||
| 630 | _aमोगल दरबारची बातमीपत्रे (1705 पर्यंत). | ||
| 700 | _aपगडी सेतुमाधवराव. | ||
| 730 | _aमोगल दरबारची बातमीपत्रे (1705 पर्यंत). | ||
| 942 | _cBOOK | ||
| 999 |
_c1304134 _d1304131 |
||